Reduction of Total Dissolvel Solids from Brackish Ground Water Using Natural Adsorbents (Thesis ME) (Record no. 69096)

MARC details
000 -LEADER
fixed length control field 00447nam a22001217a 4500
100 ## - MAIN ENTRY--AUTHOR NAME
Personal name Sajad Hussain Shaheen
-- 21-MEEE-04
-- Supervisor - Prof.Dr. Abdul Qayoom Jakhrani
245 ## - TITLE STATEMENT
Title Reduction of Total Dissolvel Solids from Brackish Ground Water Using Natural Adsorbents (Thesis ME)
260 ## - PUBLICATION, DISTRIBUTION, ETC. (IMPRINT)
Place of publication Nawabshah
Name of publisher QUEST
Year of publication 2025
300 ## - PHYSICAL DESCRIPTION
Number of Pages 119p.
700 ## - ADDED ENTRY--PERSONAL NAME
Personal name Department of Environment Engineering
942 ## - ADDED ENTRY ELEMENTS (KOHA)
Koha item type Thesis and Dissertation
Holdings
Withdrawn status Lost status Home library Current library Date acquired Accession Number Koha item type
    Research Section Research Section 29/06/2026 MP/104-1569 Thesis and Dissertation
    Research Section Research Section 29/06/2026 MP/104-1570 Thesis and Dissertation